Modelos culturales : (Record no. 90056)

MARC details
000 -LEADER
fixed length control field 00643nam a22001937a 4500
005 - DATE AND TIME OF LATEST TRANSACTION
control field 20150317121735.0
008 - FIXED-LENGTH DATA ELEMENTS--GENERAL INFORMATION
fixed length control field 130912t sp||||| |||| 00| 0 spa d
020 ## - INTERNATIONAL STANDARD BOOK NUMBER
International Standard Book Number 8476587538
050 04 - LIBRARY OF CONGRESS CALL NUMBER
Classification number HM261
Item number M86 2005
100 1# - MAIN ENTRY--PERSONAL NAME
Personal name Muñoz, Blanca
245 10 - TITLE STATEMENT
Title Modelos culturales :
Remainder of title teoría sociopolítica de la cultura /
250 ## - EDITION STATEMENT
Edition statement 1a ed.
260 ## - PUBLICATION, DISTRIBUTION, ETC. (IMPRINT)
Place of publication, distribution, etc Barcelona, España :
Name of publisher, distributor, etc Anthropos , UAM,
Date of publication, distribution, etc 2005
300 ## - PHYSICAL DESCRIPTION
Extent 333 p. ;
Dimensions 20 cm.
440 #0 - SERIES STATEMENT/ADDED ENTRY--TITLE
Title Pensamiento crítico / Pensamiento utópico ,
Volume number/sequential designation no. 152
504 ## - BIBLIOGRAPHY, ETC. NOTE
Bibliography, etc Bibliografía 309-318 p. e índice
650 #4 - SUBJECT ADDED ENTRY--TOPICAL TERM
Topical term or geographic name as entry element Cultura
General subdivision Cultura política
-- Aspectos sociológicos
942 ## - ADDED ENTRY ELEMENTS (KOHA)
Source of classification or shelving scheme Biblioteca del Cogreso de los Estados Unidos
Koha item type Libro
Holdings
Estado de pérdida Fuente de clasificación Estado del daño No para préstamo Ubicación permanente Ubicación actual Apartado o colección Fecha de adquisición Fuente de adquisición Edición Dependencia de educación superior (DES) Área del conocimiento Clasificación Código de Barras Date last seen Número de copia Tipo de recurso
  Biblioteca del Cogreso de los Estados Unidos     Biblioteca de la Facultad de Filosofía Biblioteca de la Facultad de Filosofía General 17/03/2015 Unidad Académica Genérico 1a ed. Humanidades Educación y Humanidades HM261 M86 2005 BFF000009215 17/03/2015 C:1 Libro
  Biblioteca del Cogreso de los Estados Unidos     Biblioteca de la Facultad de Filosofía Biblioteca de la Facultad de Filosofía General 17/03/2015 Unidad Académica Genérico 1a ed. Humanidades Educación y Humanidades HM261 M86 2005 BFF000009216 17/03/2015 C:2 Libro
  Biblioteca del Cogreso de los Estados Unidos     Biblioteca de la Facultad de Filosofía Biblioteca de la Facultad de Filosofía General 17/03/2015 Unidad Académica Genérico 1a ed. Humanidades Educación y Humanidades HM261 M86 2005 BFF000009217 17/03/2015 C:3 Libro